[Event "Rubinstein Memorial 36th"]
[Site "Polanica Zdroj"]
[Date "1999.08.18"]
[Round "2"]
[White "Sutovsky, Emil"]
[Black "Milov, Vadim"]
[Result "1-0"]
[WhiteElo "2587"]
[BlackElo "2626"]
[Annotator "Ftacnik,L"]
[PlyCount "61"]
[EventDate "1999.08.17"]
[EventType "tourn"]
[EventRounds "9"]
[EventCountry "POL"]
[EventCategory "15"]
[SourceTitle "CBM 073"]
[Source "ChessBase"]
[SourceDate "1999.12.01"]
[SourceVersion "1"]
[SourceVersionDate "1999.12.01"]
[SourceQuality "1"]

1. e4 c5 2. Nf3 e6 3. g3 Nc6 4. Bg2 Nf6 5. d3 Be7 6. O-O O-O 7. Nbd2 Rb8 8. a4
d5 9. Re1 a6 10. c3 (10. e5 Nd7 11. Nf1 b5 12. axb5 axb5 13. h4 Bb7 14. h5 (14.
Bf4 Ra8 15. Rb1 Ra4 16. Bh3 Nd4 17. Nxd4 Rxd4 18. b3 Rxf4 19. gxf4 Bxh4 20. Nd2
Bxf2+ 21. Kxf2 Qh4+ 22. Kg2 Qxf4 {0-1 Prevot,E-Saltaev,M/Cappelle/1995/ (28)})
14... Ra8 15. Rb1 b4 16. N1h2 Ra2 17. Ng4 Ba6 18. Bf4 Bb5 19. Qd2 c4 20. dxc4
Bxc4 21. h6 g6 22. Bg5 Bxg5 23. Nxg5 Qe7 24. Qf4 {1-0 Simagin,V-Nikitin,A/
Kislovodsk/1966/ (32)}) (10. Qe2 b5 11. axb5 axb5 12. e5 Nd7 13. Nf1 Bb7 14. h4
Ra8 15. Bg5 Qb6 16. Rab1 Rfe8 17. Bxe7 Rxe7 18. h5 h6 19. g4 {1-0 Lazic,
M-Cladouras,P/Munich/1992/ (35)}) 10... b5 11. axb5 axb5 12. e5 Nd7 13. Nf1 {
White has no reason to hope for much in this opening line. Black is ready with
counterplay in the center and queenside, while the openent only dreams about
possible attack on the kingside.} (13. d4 b4 14. Nf1 Qb6 15. Bf4 Ba6 16. Ne3
bxc3 17. bxc3 cxd4 18. cxd4 Rfc8 19. Bf1 Bxf1 20. Rxf1 Qb3 21. Qxb3 Rxb3 {
1/2-1/2 Wexler,B-Emma,J/Mar del Plata/1959/ (39)}) 13... Bb7 14. d4 Ra8 15. Rb1
(15. Rxa8 Bxa8 (15... Qxa8 16. Bg5 $14) 16. Be3 $11) 15... b4 16. h4 Ra2 17.
Ng5 Ba6 18. Be3 bxc3 (18... h6 $5 19. Nf3 Bb5 $15) 19. bxc3 Qa5 (19... h6 20.
Nf3) 20. Qg4 Bxg5 (20... Qxc3 21. Nxe6 fxe6 22. Qxe6+ Kh8 (22... Rf7 23. Bxd5
$18) 23. Qxc6 cxd4 24. Qxd7 dxe3 25. Qxe7 exf2+ 26. Kh1 $18) (20... Bxf1 21.
Rxf1 Ndxe5 22. dxe5 Nxe5 23. Qh5 Bxg5 24. hxg5 $14) 21. Bxg5 Kh8 $2 {Milov has
done everything right in the defense, but now he misses the best preventive
idea 21...Bd3!} (21... Bd3 $1 22. Rbc1 (22. Rb7 Qxc3 23. Bh6 Bg6 $19) 22...
cxd4 23. cxd4 Qa4 $17) 22. Bxd5 $1 Ndxe5 (22... exd5 23. Qxd7 Qa4 24. Qd6 $18)
23. dxe5 exd5 24. Bf6 $1 (24. Qd7 Bxf1 25. Qxd5 Bh3 26. Qxc6 Qxc3 27. Rbc1 $14)
24... Rg8 (24... gxf6 25. exf6 Rg8 26. Qxg8+ Kxg8 27. Re8#) 25. e6 fxe6 (25...
gxf6 26. exf7 Rf8 (26... Rxg4 27. f8=Q+ Rg8 28. Qxf6+ Rg7 29. Re8#) 27. Re8 $18
) 26. Qxe6 Qc7 (26... gxf6 $2 27. Qxf6+ Rg7 28. Re8#) (26... Nd8 27. Bxg7+ Rxg7
(27... Kxg7 28. Qe5+ Kh6 29. Qf4+ $18) 28. Qf6 Re2 29. Rxe2 Bxe2 30. Rb8 $18)
27. Ne3 (27. Qxd5 c4 28. Bg5 $16) 27... gxf6 (27... Rd2 28. Nf5 Bc8 29. Nxg7 $1
Bxe6 30. Nxe6+ Qg7 31. Nxg7 $18) 28. Nf5 {Suddenly black has to be preoccupied
with ungrateful task of defending endangered position.} (28. Nxd5 Qc8 (28...
Rxg3+ 29. Kh1 Qc8 30. Qxc8+ Bxc8 31. fxg3 $18) 29. Qxf6+ Rg7 30. Nc7 $18) 28...
Qd8 $8 (28... Rf8 29. Qxf6+ $1 Rxf6 30. Re8+ Rf8 31. Rxf8#) 29. Qxc6 Bd3 (29...
Rf8 30. Rbd1 $18) 30. Rb8 $1 Ra6 (30... Qxb8 31. Qxf6+ Rg7 32. Qxg7#) (30...
Bb5 31. Qe6 Bd7 32. Qf7 $18) 31. Rxd8 (31. Rxd8 Rxc6 32. Ree8 $1 (32. Rxg8+
Kxg8 33. Ne7+ $18) 32... h5 33. Rxg8+ Kh7 34. Rg7#) 1-0

[Event "RUS-Cup07"]
[Site "Tomsk"]
[Date "1998.07.19"]
[Round "5"]
[White "Shchekachev, Andrei"]
[Black "Bragin, Alexander"]
[Result "1-0"]
[WhiteElo "2565"]
[BlackElo "2375"]
[Annotator "Ftacnik,L"]
[PlyCount "59"]
[EventDate "1998.07.15"]
[EventType "swiss"]
[EventRounds "9"]
[EventCountry "RUS"]
[SourceTitle "CBM 067"]
[Source "ChessBase"]
[SourceDate "1998.11.30"]
[SourceVersion "2"]
[SourceVersionDate "1998.11.01"]
[SourceQuality "1"]

1. e4 c5 2. Nf3 e6 3. d3 d5 4. Qe2 Nf6 5. g3 Be7 6. Bg2 Nc6 7. O-O dxe4 (7...
b6) 8. dxe4 e5 {Black loses tempo with a second move with e pawn, on top of it
d5 square becomes weak. On the other hand he prevents e4-e5 push, that would
greatly limit black's forces.} (8... O-O 9. e5 Nd7 10. Rd1 (10. h4 Qc7 11. Bf4
b6 12. c4 Bb7 13. Nc3 Rad8 14. Rad1 a6 15. h5 h6 16. Rfe1 Ndb8 17. Rxd8 Rxd8
18. Ne4 Nd4 19. Nxd4 Rxd4 20. Qg4 Kf8 21. Qe2 Nd7 22. Nc3 Bxg2 23. Kxg2 Qc6+ {
1/2-1/2 Dussart,F-Fiol,F/Bagneux/1998/}) 10... Qc7 11. Bf4 b6 12. c4 Bb7 13.
Nc3 Rad8 14. h4 a6 15. Rd2 Ndb8 16. Rxd8 Rxd8 17. Ne4 Nd4 18. Nxd4 Rxd4 19.
Nf6+ Bxf6 20. exf6 Rxf4 21. gxf4 Bxg2 22. Qg4 g6 23. Qg5 Nd7 24. Kxg2 Qd6 {
0-1 Nanu,C-Dovzik,J/TT03 IM/1998/ (38)}) 9. c3 O-O 10. Na3 (10. Nbd2 Qc7 11.
Re1 h6 12. Nf1 Be6 13. Nh4 Rfe8 14. Ne3 Rad8 15. Nhf5 Bf8 16. Qf3 Rd7 17. Nxh6+
Kh8 18. Nhg4 {1-0 Velickovic,S-Agistriotis,M/Ano Liosia op/1997/ (25)}) 10...
Qc7 (10... b6 11. h3 Bb7 12. Nh4 g6 13. Bh6 $14) 11. h3 b6 12. Re1 a5 $2 {
[%mdl 16384] A real mistake, that gives away b5 square. Now the whole complex
b5-c4-d5 is vulnerable, but black has got nothing in return. xb5} (12... Bb7 $5
13. Nh4 Rad8 $13) 13. Nb5 Qb8 14. a4 Na7 $2 (14... Rd8 15. Nh4 g6 16. Bg5 $14)
15. Nxe5 $1 {Revealing the disharmony in the black's set up with a proper
punishing move.} Qxe5 (15... Nxb5 16. Nc6 Nxc3 17. Nxe7+ Kh8 18. bxc3 $18) 16.
Bf4 Qh5 (16... Qe6 17. Nc7 Qc6 18. e5 Qxc7 19. exf6 Bd6 20. fxg7 $18) 17. e5
Bg4 (17... Qxe2 18. Rxe2 Nh5 19. Bxa8 Nxb5 20. axb5 Bxh3 21. Bd5 $16) 18. hxg4
Nxg4 19. Bxa8 Rxa8 (19... Qh2+ 20. Kf1 Rxa8 21. Qxg4 Nxb5 (21... Qh1+ 22. Ke2
Qe4+ 23. Kd2 Rd8+ 24. Nd6 $18) 22. Qf3 Nc7 23. e6 $18) 20. f3 Nh6 21. Qe4 $1
$18 {Black could have resigned with a clear concious. Please note the sorry
location of both knights at the edge of the board.} Re8 22. Nxa7 g5 23. Be3 Qh3
(23... g4 $2 24. Qc6 $18) 24. Bf2 c4 (24... Nf5 25. Qg4 $18) 25. Nc6 Bc5 26.
Nd4 f5 27. Qc6 Re7 28. Qd5+ Kg7 (28... Nf7 29. Rad1 $18) 29. Qxc4 f4 30. Qf1
1-0

[Event "Berlin East DSV"]
[Site "Berlin East"]
[Date "1982.10.15"]
[Round "6"]
[White "Vogt, Lothar"]
[Black "Lputian, Smbat G"]
[Result "0-1"]
[WhiteElo "2495"]
[BlackElo "2440"]
[Annotator "Gagarin,V"]
[PlyCount "78"]
[EventDate "1982.10.09"]
[EventType "tourn"]
[EventRounds "13"]
[EventCountry "DDR"]
[EventCategory "9"]
[SourceTitle "MCL"]
[Source "ChessBase"]
[SourceDate "1999.07.01"]
[SourceVersion "1"]
[SourceVersionDate "1999.07.01"]
[SourceQuality "1"]

1. Nf3 d5 2. g3 Nf6 3. Bg2 e6 4. O-O Be7 5. d3 c5 6. Nbd2 Nc6 7. e4 b6 (7...
Qc7 8. c3 (8. Re1) 8... b6 9. Qe2 (9. Re1) 9... Bb7 10. e5 $6 (10. Re1 $142 {
- 7...b6}) 10... Nd7 11. Re1 g5 $1 12. h3 h5 13. g4 hxg4 14. hxg4 O-O-O 15. Nf1
Rdg8 16. Bd2 Kb8 17. Rab1 d4 $1 18. Ng3 Rh4 $1 19. Nxh4 gxh4 20. Ne4 Ncxe5 $44
{Nazarov,A-Yandemirov,V/URS-chT Azov/1991/0:1/35/}) 8. Re1 Qc7 $1 (8... Bb7 9.
e5 $5 (9. c3 Qc7 10. a3 $1 (10. Qe2 {- 8...Qc7}) 10... a5 $1 (10... O-O-O 11.
Qe2 $1 (11. e5 $6 Nd7 12. d4 g5 $5 13. Nf1 {Hort,V-Lobron,E/Bad Kissingen/1981/
1:0/34/} h6 $1 $13 {Hort}) (11. b4 $6 dxe4 12. dxe4 Nd7 $13) 11... h6 12. b4 c4
13. exd5 cxd3 14. Qxd3 Nxd5 15. Qc2 Bf6 16. Bb2 Kb8 17. c4 Bxb2 18. Qxb2 Nf6
19. c5 $36 {Psakhis,L-Nikitin,A/Berlin/1991/1:0/33/}) 11. a4 O-O $1 (11...
O-O-O $6 12. e5 Nd7 13. d4 g5 (13... cxd4 14. cxd4 Nb4 15. Ra3 $16) 14. Nb1 $1
h6 (14... g4 $2 15. Ng5 $16) 15. Na3 Ndb8 16. Be3 Ba6 17. Nb5 Qd7 18. Rc1 g4 $6
19. Nd2 cxd4 $6 20. cxd4 h5 21. Nb1 $1 $16 {Psakhis,L-Kohlweyer,B/Wien/1990/1:
0/60/}) 12. e5 Nd7 13. Qe2 Rae8 $13 {/\ f6}) 9... Nd7 10. Nf1 (10. c4 $6 d4 11.
a3 Qc7 12. Qe2 g5 $1 $13 {Banas,J-Novak,J/Trencianske Teplice/1974/1/2-1/2/60/}
) 10... Qc7 11. Bf4 $1 (11. Qe2 {- 8...Qc7}) 11... O-O-O 12. h4 $1 h6 13. Qd2
Rdg8 14. h5 g5 15. hxg6 Rxg6 16. Ne3 h5 $6 17. Nxd5 $1 exd5 18. e6 $16 {
Konstantinopolsky,M-Banas,J/corr/1985/1:0/40/}) 9. Qe2 (9. e5 $6 Nd7 (9... Ng4
$6 10. Qe2 h5 11. h3 Nh6 12. Nf1 $14) 10. Qe2 g5 $1 (10... Bb7 $6 11. h4 $1
O-O-O 12. Nf1 $14) 11. h3 h5 12. g4 hxg4 13. hxg4 Bb7 14. Nf1 O-O-O 15. c3 Rdg8
$36) 9... Bb7 10. c3 (10. e5 $5 Nd7 11. Nf1 O-O-O 12. h4 $1 h6 13. N1h2 Rhg8 (
13... Rdg8 14. c3 g5 15. hxg5 hxg5 16. Ng4 $14 {/\ a3,b4}) 14. c3 g5 15. hxg5
hxg5 16. Ng4 Kb8 17. a3 Rde8 18. b4 $14) 10... a5 (10... O-O-O 11. e5 (11. a3
$5) 11... Nd7 12. h4 h6 13. Nf1 g5 14. hxg5 hxg5 15. N1h2 $14 {/\ Ng4,a3,b4}) (
10... h6 11. a3 a5 12. e5 Nd7 13. c4 (13. d4 $6 cxd4 14. cxd4 Ba6 $15) 13... d4
14. h4 g5 $13 {Dolmatov,S-Dizdar,G/Graz/1981/0:1/28/}) 11. a4 $1 (11. e5 Nd7
12. Nf1 $13) 11... Ba6 12. e5 (12. exd5 $5 Nxd5 (12... exd5 13. Nb1 $1 O-O 14.
Bf4 Bd6 15. Bxd6 Qxd6 16. Na3 Rfe8 17. Qd2 $14) 13. Nc4 $14) 12... Nd7 13. Nf1
$2 (13. Nb1 $1 $13 {/\ Na3-b5}) 13... O-O-O 14. h4 h6 15. N1h2 Kb8 16. Ng4 Ka7
17. Bf4 Rb8 18. c4 $2 (18. Ne3 $1 {/\ Nd5, /\ Nc2-a3-b5} g5 (18... Ndxe5 $2 19.
Nxe5 Nxe5 20. Nxd5 $1 exd5 21. Bxe5 Bd6 22. Bxg7 $16) 19. hxg5 hxg5 20. Nxg5
Bxg5 (20... Ndxe5 $6 21. Nxf7) 21. Bxg5 Ndxe5 22. Bf4 $13) 18... Nb4 $17 19.
Rac1 dxc4 20. dxc4 Rbd8 21. Bd2 (21. b3 Nb8 22. Rcd1 N8c6 23. Rxd8 Rxd8 24. Rd1
Nd4 $17) 21... Nb8 $1 22. Bxb4 cxb4 23. Nd2 Nc6 24. Nb3 Bc5 $1 25. Nh2 Rd7 26.
Qg4 g6 (26... Nxe5 27. Qxg7 Bxf2+ $1 28. Kxf2 Nd3+ 29. Kf1 Nxe1 30. Qxh8 Nxg2
31. Kxg2 Rd3 $19 {Lputian/}) 27. Qf4 Bb7 28. Ng4 Nd4 $1 29. Nxc5 bxc5 30. Nf6
g5 $1 31. hxg5 (31. Qg4 $6 $17) 31... hxg5 32. Qg4 (32. Qxg5 $4 Nf3+ $19) 32...
Rdd8 33. Ne4 Qxe5 $1 34. Qxg5 (34. Nxg5 Qc7 $17 {/\ Rdg8}) 34... f5 $1 (34...
Bxe4 $2 35. Qe7+ $1 (35. Qxe5 Nf3+ 36. Kf1 $8 Bd3+ $1 37. Qe2 Nxe1 $19) 35...
Kb6 36. Bxe4 $13) 35. Qe7 (35. Nc3 Nf3+ 36. Kf1 bxc3 $19) (35. Nd2 Qc7 $17 {->}
(35... Ne2+ $2 36. Kf1)) 35... fxe4 $1 $19 36. Bxe4 Qb8 37. Qxc5+ Ka6 38. Bd5 (
38. Rcd1 e5 $19) 38... e5 39. Rxe5 Qxe5 $1 (39... Qxe5 40. Bxb7+ Kxb7 41. Qxe5
Nf3+ $19) 0-1

[Event "Olympiad-31"]
[Site "Moscow"]
[Date "1994.12.02"]
[Round "2.1"]
[White "Morozevich, Alexander"]
[Black "Sermek, Drazen"]
[Result "1-0"]
[WhiteElo "2575"]
[BlackElo "2515"]
[Annotator "Gagarin,V"]
[PlyCount "67"]
[EventDate "1994.12.01"]
[EventType "team-swiss"]
[EventRounds "14"]
[EventCountry "RUS"]
[SourceTitle "CBM 045"]
[Source "ChessBase"]
[SourceDate "1995.04.01"]
[SourceVersion "1"]
[SourceVersionDate "1995.04.01"]
[SourceQuality "1"]
[WhiteTeam "Russia II"]
[BlackTeam "Slovenia"]
[WhiteTeamCountry "RUS"]
[BlackTeamCountry "SLO"]

1. e4 c5 2. Nf3 e6 3. g3 Nc6 4. Bg2 Nf6 5. d3 d5 6. Qe2 Be7 7. O-O b6 8. e5 Nd7
9. c4 dxc4 $6 (9... d4 $5) 10. dxc4 Bb7 11. Rd1 Qc7 12. Nc3 a6 13. Bf4 O-O 14.
Nd5 $1 $16 (14. h4 Rfd8 15. h5 Nf8 16. Ne4 Rxd1+ 17. Rxd1 Rd8 18. Rxd8 Qxd8 19.
b3 h6 20. Nc3 $14 {Psakhis,L-Sermek,D/Groningen/1993/1:0/75/}) (14. Rd2 Rfd8
15. Nd5 exd5 16. cxd5 Ncxe5 17. Nxe5 Nxe5 18. Bxe5 Bd6 $10 {Cheremisin,
F-Shamkovich,L/Moscow-ch/1964/0,5/30/}) 14... exd5 (14... Qc8 15. Nxe7+ Nxe7
$16) 15. e6 $1 (15. cxd5 Ncxe5 16. Nxe5 Bd6 17. Nxd7 Qxd7 18. Bxd6 Qxd6 $10)
15... Bd6 16. Bxd6 Qxd6 17. Rxd5 $1 Nd4 (17... Qxe6 18. Qxe6 fxe6 19. Rxd7 $16)
18. Nxd4 (18. Rxd6 Nxe2+ 19. Kf1 Nxg3+ 20. hxg3 fxe6 21. Ng5 (21. Rxd7 Bxf3 $17
) 21... Bxg2+ 22. Kxg2 Ne5 23. b3 Rad8 $1 $132) 18... Bxd5 19. Bxd5 cxd4 (19...
fxe6 20. Qxe6+ Qxe6 21. Nxe6 $16) 20. exf7+ Kh8 (20... Rxf7 21. Bxf7+ $16 Kxf7
$2 22. Qf3+ $18) 21. Bxa8 Nf6 (21... Rxa8 22. Qe8+ Qf8 23. Qxd7 $18) 22. Qf3
Rxf7 23. Rd1 $18 Rf8 24. Bb7 b5 25. Qa3 $1 Qxa3 26. bxa3 Rd8 27. c5 Ne8 28. Kf1
Kg8 29. Ke2 Nc7 30. Kd3 Kf7 31. Re1 Kf6 32. f4 Ne6 33. Re5 g5 34. c6 (34. c6
gxf4 35. Rxe6+ $18) 1-0

[Event "RUS-ch 54th"]
[Site "Elista"]
[Date "2001.05.07"]
[Round "7"]
[White "Chebotarev, Oleg"]
[Black "Volzhin, Alexander"]
[Result "0-1"]
[WhiteElo "2306"]
[BlackElo "2528"]
[Annotator "Gershon,A"]
[PlyCount "66"]
[EventDate "2001.04.29"]
[EventType "swiss"]
[EventRounds "9"]
[EventCountry "RUS"]
[SourceTitle "CBM 083"]
[Source "ChessBase"]
[SourceDate "2001.07.05"]
[SourceVersion "1"]
[SourceVersionDate "2001.07.05"]
[SourceQuality "1"]

1. e4 c5 2. Nf3 e6 3. d3 Nc6 4. g3 Nf6 5. Bg2 Be7 (5... d5 6. Qe2 g6 $6 7. O-O
Bg7 8. Bg5 dxe4 (8... h6 9. exd5 $1 Qxd5 10. Be3 $36) 9. dxe4 Qc7 10. Nc3 O-O
11. Rad1 a6 12. Rfe1 $14 {1-0 Glek,I-Saltaev,M/Cappelle la Grande 1998/CBM 63
ext/[Glek] (29)}) 6. O-O O-O 7. e5 $2 {[%mdl 16384] This move has only been
played once prior to this game, with black easily equalizing. This kind of
action is premature.White should only play e5 if it can be followed by c4 and
d4. In this case ( without the R on e1) the e5 P will become unprotected.} (7.
Re1 b5 (7... Rb8 8. e5 Ne8 9. d4 cxd4 10. Nxd4 f6 (10... a6 11. Nc3 Qc7 12.
Nxc6 bxc6 13. b3 f6 14. f4 c5 15. Bb2 Bb7 16. Ne4 f5 17. Nd2 Bxg2 18. Kxg2 Qb7+
$14 {1/2-1/2 Polovnikova,E-Shumiakina,T/Moscow 1999/CBM 70 ext (37)}) 11. exf6
Bxf6 12. Be3 d5 13. Nc3 Nd6 14. b3 Nf5 15. Nxc6 bxc6 16. Bf4 Rb4 17. Be5 Bxe5
18. Rxe5 $11 {1/2-1/2 Glek,I-Hansen,C/Essen 2000/CBM 77 (59)}) (7... d6 8. c3
Ne5 9. d4 Nxf3+ 10. Bxf3 Nd7 11. Na3 a6 12. Nc4 Qc7 13. d5 Ne5 14. Ne3 Bg5 15.
Bg2 Bxe3 16. Bxe3 exd5 17. Qxd5 Be6 18. Qd2 Rad8 19. f4 Nc4 20. Qf2 Nxe3 21.
Rxe3 $14 {1/2-1/2 Dzhumaev,M-Zvjaginsev,V/Linares 2000/CBM 75 (27)}) 8. e5 Nd5
9. c4 bxc4 10. dxc4 Nb6 11. Nbd2 Bb7 12. b3 f5 13. h4 a5 14. Nf1 h6 15. Ne3 a4
16. Bb2 Qe8 $11 {1/2-1/2 Tkachiev,V-Morozevich,A/London 1994/EXT 2000 (56)})
7... Nd5 (7... Ng4 $5 8. Re1 f6 9. exf6 Bxf6 10. h3 Nge5 11. Nxe5 Nxe5 12. Nd2
Nc6 $11 {1/2-1/2 Biyiasas,P-Lein,A/Greenville 1980/MCD (25)}) 8. Nbd2 (8. c4
Nc7 9. Re1 {[%cal Gd3d4]} f6 10. exf6 Bxf6 $15) 8... d6 9. exd6 Qxd6 $11 {
/=/+ A position similar to Sicilian 2.c3 with a later g3 has arised, with the
only difference that black pieces are much better placed here.} 10. Nc4 Qc7 11.
a4 b6 12. Re1 Bb7 13. Bg5 (13. Nfe5 $5 Bf6 (13... Rfd8 14. Nxc6 Bxc6 15. Ne5
Bb7) 14. Nxc6 Bxc6 $15 {White has no good plan}) 13... Rad8 14. Bxe7 Ndxe7 {
[%cal Ge7f5,Gf5d4]} 15. Nfd2 Nf5 16. Ne4 Ba6 17. Qh5 (17. b3 Nfd4 $36) 17...
Nb4 18. Na3 Nd6 {[%cal Yd6e4,Gc5c4]} (18... Nd4 $5 19. Rac1 (19. c3 Nxd3 20.
cxd4 Nxe1 21. Rxe1 cxd4 {[%csl Ra3]} 22. Nb5 Bxb5 23. axb5 d3 $17 {[%cal Gd8c8,
Yf8d8] The passed 'd' P looks too dangerous.}) 19... Qd7 20. a5 $11) 19. Rad1
Qd7 (19... c4 $2 20. Nxd6 Rxd6 21. dxc4 Rxd1 22. Rxd1 Bxc4 $2 23. Rd4 $18) 20.
Nc3 (20. b3 $142) 20... Nf5 21. Ne4 $4 {White is throwing the game away I see
no reason to give up a pawn!} (21. a5 $5 {make more sense. The position is
about equal}) 21... Qxa4 22. g4 Nd6 23. Re3 (23. d4 Nxe4 24. Bxe4 g6 25. Qe5
Nc6 $19) 23... Nd5 {[%cal Gd5f4,Yf4h5,Yf4g2,Gd6e4,Yd5f6]} 24. Rh3 h6 $19 {
This is the end of compensation.And soon the game} 25. Qe5 Nxe4 26. Bxe4 Nf6 {
[%csl Re4,Rg4][%cal Yd8d1]} 27. g5 (27. f3 {is like admitting defeat} Qd4+)
27... Nxe4 28. gxh6 Qd4 {the game is over} 29. Qxd4 Rxd4 30. hxg7 Kxg7 31. c3
Rd7 32. Re1 Nd6 33. Rg3+ Kf6 0-1

[Event "Reykjavik Olafsson"]
[Site "Reykjavik"]
[Date "1995.??.??"]
[Round "2"]
[White "Smyslov, Vassily V"]
[Black "Hjartarson, Johann"]
[Result "0-1"]
[WhiteElo "2565"]
[BlackElo "2570"]
[Annotator "Giese"]
[PlyCount "32"]
[EventDate "1995.09.??"]
[EventType "tourn"]
[EventRounds "11"]
[EventCountry "ISL"]
[EventCategory "11"]
[SourceTitle "CBM 049"]
[Source "ChessBase"]
[SourceDate "1995.12.01"]
[SourceVersion "1"]
[SourceVersionDate "1995.12.01"]
[SourceQuality "1"]

1. e4 c5 2. Nf3 e6 3. Qe2 Nc6 4. Nc3 d6 5. g3 g6 6. Bg2 Bg7 7. O-O Nge7 8. d3
h6 9. Be3 Nd4 10. Qd2 Rb8 11. Rab1 Nec6 12. a3 b5 13. b4 $2 Nxf3+ $1 {[%cal
Gg7c3]} 14. Bxf3 Qf6 $1 {[%csl Rc3,Rf3]} 15. Bg2 (15. bxc5 Qxc3 (15... dxc5 $2
16. Bf4 {[%csl Rb8]} Rb6 (16... e5 17. Nd5 Qd6 18. Be3 $14) 17. Nxb5 e5 $2 (
17... Rxb5 18. Rxb5 Nd4 $14) 18. Nc7+ Kd8 19. Nd5 $18) 16. Qxc3 Bxc3 17. cxd6
Kd7 $1 18. Rb3 Bd4 $19) 15... Qxc3 16. e5 {[%csl Rc3]} Nd4 $1 {[%csl Yc5,Yd6]
[%cal Yd4e2]} (16... Nd4 17. exd6 Qxd2 18. Bxd2 cxb4 19. axb4 Kd7 $19) 0-1

[Event "RUS-ch"]
[Site "Elista"]
[Date "1995.??.??"]
[Round "2"]
[White "Morozevich, Alexander"]
[Black "Pushkov, Nikolai"]
[Result "1-0"]
[WhiteElo "2630"]
[BlackElo "2515"]
[Annotator "Giese"]
[PlyCount "67"]
[EventDate "1995.10.??"]
[EventType "swiss"]
[EventRounds "11"]
[EventCountry "RUS"]
[SourceTitle "CBM 050"]
[Source "ChessBase"]
[SourceDate "1996.02.01"]
[SourceVersion "1"]
[SourceVersionDate "1996.02.01"]
[SourceQuality "1"]

1. e4 e6 2. d3 d5 3. Nd2 Nf6 4. Ngf3 Nc6 5. c3 a5 6. Be2 Be7 7. O-O O-O 8. Re1
e5 9. Bf1 Bg4 10. Qc2 dxe4 11. dxe4 Bc5 12. h3 Bh5 13. Rb1 Qe7 14. Nh4 Rfd8 15.
Nf5 Qf8 16. Nc4 Nd7 17. Nce3 Bxe3 18. Bxe3 Nc5 19. b4 axb4 20. cxb4 Ne6 21. b5
Ncd4 22. Bxd4 exd4 23. Bc4 Ra3 24. Qd2 Bg6 25. Rbc1 Nc5 26. Qg5 Bxf5 27. exf5
h6 28. Qh4 Qd6 29. Bxf7+ $1 {[%csl Rc5][%cal Gc1c5,Ge1e8]} Kxf7 30. Rxc5 $1 d3
$4 {[%csl Gh4,Ya4,Yb4,Yc4,Yd4,Ye4,Yf4,Yg4]} (30... Rxa2 $142 31. Rce5 $40) 31.
Qc4+ Kf8 (31... Kf6 32. Re6+ $18) 32. Rxc7 {[%cal Yc4f7]} Qd5 (32... Qf6 33.
Re6 Qxf5 34. Ree7 $18) 33. Qg4 {[%csl Rg7]} Qd4 34. Re8+ $1 {[%csl Rd4]} 1-0

[Event "BEL-chT 9697"]
[Site "Belgium"]
[Date "1997.03.16"]
[Round "11"]
[White "Motwani, Paul"]
[Black "Glek, Igor Vladimirovich"]
[Result "0-1"]
[WhiteElo "2490"]
[BlackElo "2620"]
[Annotator "Glek,I"]
[PlyCount "98"]
[EventDate "1996.??.??"]
[EventType "team"]
[EventRounds "11"]
[EventCountry "BEL"]
[SourceTitle "CBM 058"]
[Source "ChessBase"]
[SourceDate "1997.06.01"]
[SourceVersion "1"]
[SourceVersionDate "1997.06.01"]
[SourceQuality "1"]

1. e4 e6 2. d3 d5 3. Qe2 Nc6 (3... Nf6 4. Nf3 b6 5. e5 Nfd7 6. g3 {Glek-Granda
Zuniga, Wijk aan Zee 1997}) 4. Nf3 Nf6 5. g3 (5. e5 Nd7 {/\ f6}) 5... dxe4 6.
dxe4 Bc5 7. Bg2 e5 8. O-O O-O 9. Nbd2 b6 $1 10. Nb3 (10. c3 $6 a5 11. a4 Ba6
12. Nc4 Ne8 $1 13. Nfd2 Nd6 14. Re1 Ne7 $1 15. b3 Nec8 16. Qh5 Nxc4 17. Nxc4
Bxc4 18. bxc4 Qe7 {/\ Rd8, Nd6-b7-c5 -/+ K.-H. Podzielny-Glek, Dortmund 1992.})
10... Bd6 11. Be3 $1 ({ist besser als} 11. Rd1 a5 12. a4 Ba6 13. Qe1 Nb4 14.
Rd2 Qe8 {-/+ Knecht-Glek, Philadelphia 1990.}) ({oder} 11. Bd2 a5 12. Rfd1 Ba6
13. Qe1 Qe8 {-/+ Koskinen-Glek, Berlin 1990}) 11... a5 12. Nc1 $1 Ba6 13. Nd3
Nd7 (13... Nb4 $15) 14. Nh4 g6 15. Rfd1 Qe7 (15... Nb4 $5) 16. Nf3 Nb4 17. a3
Nxd3 18. cxd3 c5 19. h4 $1 Nb8 20. h5 Nc6 21. Bh3 f5 $5 (21... Bc7 $5 {/\ Rfd8
><d3}) 22. Bg5 (22. hxg6 f4 $1) 22... Qg7 23. hxg6 hxg6 24. Qd2 Rf7 25. Bh6 Qh7
26. exf5 gxf5 27. Qg5+ (27. Bg2 $5 {/\ Ng5, Bd5} Bb7 $1 28. Ng5 Qxh6 29. Bd5
Nd4 $1 30. Bxf7+ Kg7 31. Ne6+ Qxe6 $1 32. Bxe6 Nf3+ 33. Kf1 Nxd2+ 34. Rxd2 Bf3
$1 {/\ Rh8}) 27... Kh8 28. Qh4 Be7 29. Ng5 Bxg5 30. Bxg5 Qxh4 31. Bxh4 Nd4 32.
Bg2 Bb7 (32... Raf8 $1 $17) 33. Bxb7 Rxb7 34. Kg2 (34. Bf6+ $1 Kh7 35. Kg2 $13)
34... Kg7 35. Rac1 Kg6 36. Re1 Re8 37. f4 Rd7 38. fxe5 (38. Rxe5 Rxe5 39. fxe5
Kf7 $1 {/\ Nc6, Ke6=/+><d3,e5}) 38... Nc6 39. Re3 Rxe5 40. Rce1 Rdd5 41. Kf3
Kf7 {/\42...Rd3!} (41... Kh5 42. Bf6 $15) 42. Kf2 a4 43. Bg5 Rxe3 (43... b5 $15
) 44. Kxe3 $2 (44. Rxe3 b5 $15) 44... Ne5 $1 $19 45. Rd1 c4 $1 (45... Nc4+ $2
46. Ke2 Nxb2 $4 47. Rd2 $18) 46. d4 Nd3 47. Rd2 Rb5 48. Rh2 (48. Rc2 Rb3 $1 $17
) 48... Rb3 49. Rh6 Nc5+ {50.Kf4 Se6! 51.K:f5 Tb5-+, 50.Ke2 T:b2 51.Kd1 Se4-+.}
(49... Nc5+ 50. Kf4 (50. Ke2 Rxb2+ 51. Kd1 Ne4 $19) 50... Ne6+ $1 51. Kxf5 Rb5+
$19) 0-1